000 00188nam a22000977a 4500
041 _aeng
080 _a80
100 _aBassai, N. P., Plachotnyk V. M
245 _aDeutsch 5
999 _c282094
_d282094
942 _cBK